|
|
|
|
| LEADER |
03006nam a22005055i 4500 |
| 001 |
978-3-319-12646-3 |
| 003 |
DE-He213 |
| 005 |
20151030051345.0 |
| 007 |
cr nn 008mamaa |
| 008 |
141121s2014 gw | s |||| 0|eng d |
| 020 |
|
|
|a 9783319126463
|9 978-3-319-12646-3
|
| 024 |
7 |
|
|a 10.1007/978-3-319-12646-3
|2 doi
|
| 040 |
|
|
|d GrThAP
|
| 050 |
|
4 |
|a TK5105.5-5105.9
|
| 072 |
|
7 |
|a UKN
|2 bicssc
|
| 072 |
|
7 |
|a COM075000
|2 bisacsh
|
| 082 |
0 |
4 |
|a 004.6
|2 23
|
| 100 |
1 |
|
|a Han, Jinsong.
|e author.
|
| 245 |
1 |
0 |
|a Device-Free Object Tracking Using Passive Tags
|h [electronic resource] /
|c by Jinsong Han, Wei Xi, Kun Zhao, Zhiping Jiang.
|
| 264 |
|
1 |
|a Cham :
|b Springer International Publishing :
|b Imprint: Springer,
|c 2014.
|
| 300 |
|
|
|a VI, 62 p. 33 illus.
|b online resource.
|
| 336 |
|
|
|a text
|b txt
|2 rdacontent
|
| 337 |
|
|
|a computer
|b c
|2 rdamedia
|
| 338 |
|
|
|a online resource
|b cr
|2 rdacarrier
|
| 347 |
|
|
|a text file
|b PDF
|2 rda
|
| 490 |
1 |
|
|a SpringerBriefs in Electrical and Computer Engineering,
|x 2191-8112
|
| 505 |
0 |
|
|a Introduction -- Background -- Critical State and Twins -- Dense Deployment Based Tracking System using Twins -- Sparse Deployment based Tracking System using Twins -- Afterword.
|
| 520 |
|
|
|a This SpringerBrief examines the use of cheap commercial passive RFID tags to achieve accurate device-free object-tracking. It presents a sensitive detector, named Twins, which uses a pair of adjacent passive tags to detect uncooperative targets (such as intruders). Twins leverages a newly observed phenomenon called critical state that is caused by interference among passive tags. The author expands on the previous object tracking methods, which are mostly device-based, and reveals a new interference model and their extensive experiments for validation. A prototype implementation of the Twins-based intrusion detection scheme with commercial off-the-shelf reader and tags is also covered in this SpringerBrief. Device-Free Object Tracking Using Passive Tags is designed for researchers and professionals interested in smart sensing, localization, RFID and Internet of Things applications. The content is also useful for advanced-level students studying electrical engineering and computer science.
|
| 650 |
|
0 |
|a Computer science.
|
| 650 |
|
0 |
|a Computer communication systems.
|
| 650 |
|
0 |
|a Electrical engineering.
|
| 650 |
1 |
4 |
|a Computer Science.
|
| 650 |
2 |
4 |
|a Computer Communication Networks.
|
| 650 |
2 |
4 |
|a Communications Engineering, Networks.
|
| 650 |
2 |
4 |
|a Information Systems Applications (incl. Internet).
|
| 700 |
1 |
|
|a Xi, Wei.
|e author.
|
| 700 |
1 |
|
|a Zhao, Kun.
|e author.
|
| 700 |
1 |
|
|a Jiang, Zhiping.
|e author.
|
| 710 |
2 |
|
|a SpringerLink (Online service)
|
| 773 |
0 |
|
|t Springer eBooks
|
| 776 |
0 |
8 |
|i Printed edition:
|z 9783319126456
|
| 830 |
|
0 |
|a SpringerBriefs in Electrical and Computer Engineering,
|x 2191-8112
|
| 856 |
4 |
0 |
|u http://dx.doi.org/10.1007/978-3-319-12646-3
|z Full Text via HEAL-Link
|
| 912 |
|
|
|a ZDB-2-SCS
|
| 950 |
|
|
|a Computer Science (Springer-11645)
|